| 000 | 00988nam a22002297a 4500 | ||
|---|---|---|---|
| 001 | 45316 | ||
| 003 | BD-RjUL | ||
| 005 | 20211209054009.0 | ||
| 008 | 160725s1996 bg ||||| |||| 00| 0 ben d | ||
| 035 | _a(BD-RjUL)45434 | ||
| 040 |
_aBD-RjUL _bben _cBD-RjUL |
||
| 041 | _aben | ||
| 082 |
_223 _a005 _bKHM 1996 |
||
| 100 |
_aখান, মোঃ আজিজুর রহমান _9138795 |
||
| 245 | 1 | 0 |
_aমাষ্টারিং এক্সেল ৫.X / _c মোঃ আজিজুর রহমান খান, এইচ, এম, ফারুক আহম্মদ |
| 260 |
_aঢাকা : _bসিসটেক পাবলিকেশন্স, _c১৯৯৭ |
||
| 300 |
_a৪৭৭ পৃ. : _bচিত্র ; _c১৯ সেমি. |
||
| 650 |
_aকম্পিউটার প্রোগ্রামিং _9138756 |
||
| 650 |
_aComputer programming _9138757 |
||
| 700 |
_aআহম্মদ, এইচ, এম, ফারুক, _9138801 |
||
| 942 |
_2ddc _cBK |
||
| 999 |
_c45316 _d45316 |
||